KOHA-Header-6

The student's guide to cognitive neuroscience / (Record no. 13319)

000 -LEADER
fixed length control field 00539cam a2200181 i 4500
020 ## - INTERNATIONAL STANDARD BOOK NUMBER
ISBN 9781848722712 (hardback)
020 ## - INTERNATIONAL STANDARD BOOK NUMBER
ISBN 1848722710 (hardback)
020 ## - INTERNATIONAL STANDARD BOOK NUMBER
ISBN 9781848722729 (pbk.)
020 ## - INTERNATIONAL STANDARD BOOK NUMBER
ISBN 1848722729 (pbk.)
082 00 - DEWEY DECIMAL CLASSIFICATION NUMBER
Classification number 612.8/233
Item number 10382
100 1# - MAIN ENTRY--AUTHOR NAME
Personal name Ward, Jamie,
245 14 - TITLE STATEMENT
Title The student's guide to cognitive neuroscience /
Statement of responsibility, etc Jamie Ward.
250 ## - EDITION STATEMENT
Edition statement Third edition.
260 ## - PUBLICATION, DISTRIBUTION, ETC. (IMPRINT)
Place of publication London
Name of publisher Psychology Press
Year of publication 2015
300 ## - PHYSICAL DESCRIPTION
Number of Pages xii, 536 pages :
Other physical details illustrations ;
650 #0 - SUBJECT ADDED ENTRY--TOPICAL TERM
Topical Term Cognitive neuroscience.
942 ## - ADDED ENTRY ELEMENTS (KOHA)
Koha item type Bio Science
Holdings
Withdrawn status Lost status Permanent Location Current Location Shelving location Date acquired Full call number Accession Number Koha item type
    MAJU MAJU Shelf No.A36 2022-05-21 612.8233 10382 Bio Science

Powered by Koha